Top 5 NBA All Time Playoff FGM Leaders - Statistics

General Stats
  • This quiz has been taken 34 times
  • The average score is 4 of 5
Answer Stats
Field Goals Made Player % Correct
2368* LeBron James
97%
2188 Michael Jordan
91%
2356 Kareem Abdul-Jabbar
85%
2014 Kobe Bryant
85%
2041 Shaquille O'Neal
67%
No matching quizzes found
Score Distribution
Percent of People with Each Score
Percentile by Number Answered
Your Score History
You have not taken this quiz